MDQL
is popping MORE tags! Check the
thread
!
Quizzes
Events
Quiz Creation
Community
Videos
Private Events
Remove Ads
Sign In
Join for FREE
Feedback
Dark Mode
Quiz Categories
Sports
Geography
Music
Movies
Television
Just For Fun
Miscellaneous
History
Literature
Language
Science
Gaming
Entertainment
Religion
Holiday
For Kids
Quiz Lab
Recent
Popular Today
Quiz Kudos Today
Editor Picks
Curator Picks
Quizzes by...
Day
Popularity
Type
Ratings
Length
Year
Community
Subscriptions
Recent Discussions
Orange Saloon
Badges
Playlists
Quests
Create
Leaderboards
Showdown
Live 5
Trivia Bingo
Activity
Puzzle Library
Sporcle Events
Private Events
Virtual Trivia
Globe League
Become a Host
Pub Owners
SporcleCon
Opinionation
Our Games
Videos
Blog
Mobile Apps
Partnerships
Remove Ads and Go Orange
Feedback
Geography
Country
Landmarks
City
State
Population
World
Capital
Continent
Flags
Europe
Africa
Asia
South America
North America
Oceania
Border
Canada
United Kingdom
Topography
United States
Geography
Country
Landmarks
City
State
Population
World
Capital
Continent
Flags
Europe
Africa
Asia
South America
North America
Oceania
Border
Canada
United Kingdom
Topography
United States
Random Quiz
Search Sporcle
×
Quiz Lab
Quiz Lab
Geography
Definition
Type in answers that appear in a list
Type in answers that appear in a list
Classic
Best Score? Go Orange.
Countries by urban dictionary definition 2 Stats
Can you name the countries by their urban dictionary definition?
By
smarty
10m
20 Questions
374 Plays
374 Plays
374 Plays
Comments
Comments
Give Quiz Kudos
Give Quiz Kudos
-
- Ratings
hide this ad
More Info
Forced Order
Answers have to be entered in order
Answers have to be entered in order
Replay
Link that replays current quiz
Next Quiz
Link to next quiz in quiz playlist
You Got
0%
They Got
Avg Score
57%
Avg Friend Score
Upgrade to see
Score Distribution
Jump to the score distribution portion of the page
Score
0/20
Timer
10:00
0
Plays Today
Definition
Country
% Correct
Where everything in this living world is made.
China
90.1%
Land of weed smoking and reggae.
Jamaica
89.6%
A country that is small and neutral.
Switzerland
87.7%
A country that serves as the bridge between Eastern Europe and Western Asia.
Turkey
85.6%
Neighbour of India.
Pakistan
85.6%
Home of the waffle, historic castles, and beer that is often voted best on Earth.
Belgium
85.3%
The birthplace of Barack Obama, the 44th president of the United States of America.
Kenya
73.8%
A country in the Middle East that has GREAT food.
Lebanon
63.9%
One of the few countries that admits to and repents the crimes it has committed.
Germany
62%
A chain of 700 islands in the Caribbean Sea that was claimed for Spain in 1492, but switched back and forth between British, Spanish, and Pirate rule between 1648 and 1783, at whic
Bahamas
61.2%
Definition
Country
% Correct
Because of the recent economic rise from a third world country to the 10th largest economy in the world, it is often refered to as the eastern tiger.
South Korea
58.6%
A beautiful place, sadly haunted by by flabby old perverted western men who want to do things that would get them hung in their own communities.
Thailand
58%
A country made of islands whoes beauty is forgotten because of all the garbage, pollution, and chaos from the city.
Philippines
43.3%
The one country in Europe no one seems to have ever heard of.
Belarus
39.6%
A powerful outpost during the reigns of the Greek, Roman, and Ottoman empires. The French eventually took over.
Tunisia
31.8%
Beautiful country, beautiful girls, great accent, nice people, good taste, cool spots and a really bad president.
Venezuela
30.5%
The nation that consistently battles it out with Colombia in a little game called 'Who's The World's Murder Capital?'
South Africa
29.4%
The hardest F&^*!@ country to infect in Pandemic II.
Madagascar
25.9%
A land rich in traditions and old civilizations.
Peru
21.7%
The land of the long last names.
Sri Lanka
20.6%
Quiz Playlist
Details
Report
Send in Message
Add To Playlist
More Info:
Try part 1 http://www.sporcle.com/games/smarty/urbandictcountries
Classic:
Type in answers that appear in a list
Forced Order:
Answers have to be entered in order
Last Updated: Feb 16, 2017
Quiz Scoreboard
CHALLENGE
Sign Up to Join the Scoreboard
Show All
Scores
Hide
Comments
May contain spoilers
Recently Published
1-10 Letter E Words III
by El_Dandy
Language
2m
Street Fighter Characters
by Artimus82
Gaming
60s
College Basketball Coaching Resumes
by pancakes188
Sports
9m
More to Explore
Quiz From the Vault
Featured Blog Post
Where Did the Easter Bunny Come From?
hide this ad
You Might Also Like...
Tags
Country Quiz
Definition Quiz
Dictionary
urban
Today's Top Quizzes in Geography
Browse Geography
hide this ad
Today's Top Quizzes in Definition
Browse Definition
Top Contributed Quizzes in Geography
1
Countries of the World - No Outlines Minefield
2
Top 25 Cities of France on a map
3
Any capital of a 'B' country per Continent
4
Any capital of a 'C' country per Continent
5
Closest Countries to UK A-Z
6
Any capital of a 'D' country per Continent
7
5-to-1: US Geography No Hints
8
Any capital of an 'E' country per Continent
9
Find the US States - No Outlines
10
Any capital of an 'F' country per Continent
Explore More
Trending Topics
Anime
Harry Potter
Crossword
NBA
Disney
Marvel
Kpop
Country
Song
The Office
Puzzle
WWE
Soccer
NFL
Pokémon
hide this ad
More By:
smarty
Quiz
Plays
Rating
Category
Featured
Created
National Rugby League Premiers 2000-2010
3,820
4.38
Sports
Oct 5, 2009
Southern Hemisphere's Largest Urban Areas
2,285
4.44
Geography
Sep 22, 2009
Countries by urban dictionary definition
697
4.14
Geography
Jan 27, 2011
Countries by urban dictionary definition 2
374
4.33
Geography
Nov 24, 2011
Top Twitter Countries
283
4.43
Geography
Nov 22, 2011
Go to Creator's Profile
Score Distribution
Quiz Creator Spotlight
smarty
Follow
Send a Message
Quizzes Created
-
Created Quiz Play Count
-
More By This Creator
Popular Quizzes Today
1
Find the US States - No Outlines Minefield
2
Find the Countries of Europe - No Outlines Minefield
3
Find the US States
4
The Countries of the World
5
Risky Map Clicking: Biggest States A-Z
6
US States
7
Popular People in 1961
8
Movies - When Are They Set?
More Geography Quizzes
International Capitals in the US
Editor's Pick
Trending Quizzes
Risky Map Clicking: Least Populous States A-Z
1-10 Letter G Words
1-10 Letter F Words
Countries of the World: 200 Million BC
Risky Map Clicking: Next State Alphabetically
Recently Updated
Rides in Walt Disney World
pecheneg
Most Oscar Losses (Acting)
pecheneg
Beyoncé Albums
pecheneg
Leaping Animals
pecheneg
Reality TV Shows (A-Z)
bhenderson79
Rickey Henderson's Hall of Fame Teammates
pecheneg
Champions League XIs: Arsenal
pecheneg
Quick Pick: Celebrities in WWE's Hall of Fame
aduchscher
A-Z Keypad Blitz II
pecheneg
Trending Topics
Disney
NBA
Marvel
Anime
Crossword
Harry Potter
Kpop
NFL
Pokémon
Country
WWE
Soccer
The Office
Puzzle
Song
Your Account Isn't Verified!
In order to create a playlist on Sporcle, you need to verify the email address you used during registration. Go to your
Sporcle Settings
to finish the process.
Report this User
Report this user for behavior that violates our
Community Guidelines
.
Details:
Send Report
Go to the Sporcle.com Mobile Site →
Comments